Employment and skills strategies in Poland

Salvato in:
Dettagli Bibliografici
Natura: Libro
Lingua:inglese
Pubblicazione: Paris OECD 2016
Serie:OECD reviews on local job creation
Soggetti:
Tags: Aggiungi Tag
Nessun Tag, puoi essere il primo ad aggiungerne!!

MARC

LEADER 00000nam a2200000 4500
001 0229076
005 20240314122857.2
020 |a 978-92-64-25549-4 
041 0 |a eng 
044 |a FR 
245 1 0 |a Employment and skills strategies in Poland 
264 1 |a Paris  |b OECD  |c 2016 
300 |a 119 s. 
490 1 |a OECD reviews on local job creation 
830 0 |a OECD reviews on local job creation 
610 2 0 |a zamestnanosť 
610 2 0 |a trh práce 
610 2 0 |a politika zamestnanosti 
610 2 0 |a rozvoj hospodársky 
610 2 0 |a zručnosti 
610 2 0 |a Poľsko